The First 100 (Record no. 47309)

MARC details
000 -LEADER
fixed length control field 00645nam a22001697a 4500
005 - DATE AND TIME OF LATEST TRANSACTION
control field 20260219142158.0
008 - FIXED-LENGTH DATA ELEMENTS--GENERAL INFORMATION
fixed length control field 260219b |||||||| |||| 00| 0 eng d
020 ## - INTERNATIONAL STANDARD BOOK NUMBER
International Standard Book Number 9789387337046
040 ## - CATALOGING SOURCE
Transcribing agency VITAP
082 ## - DEWEY DECIMAL CLASSIFICATION NUMBER
Edition number 23
Classification number 070.44 THG
100 ## - MAIN ENTRY--PERSONAL NAME
Personal name THG Publishing Pvt Ltd.
9 (RLIN) 17160
245 ## - TITLE STATEMENT
Title The First 100
Remainder of title : A Selection of Editorials, 1878-1978
Statement of responsibility, etc. / THG Publishing Pvt Ltd.
260 ## - PUBLICATION, DISTRIBUTION, ETC.
Place of publication, distribution, etc. Chennai
Name of publisher, distributor, etc. THG Publishing Pvt Ltd.
Date of publication, distribution, etc. 2023
300 ## - PHYSICAL DESCRIPTION
Extent 343p,21cm
650 #0 - SUBJECT ADDED ENTRY--TOPICAL TERM
Topical term or geographic name entry element Colonial India (1878–1947), Freedom Struggle, Partition & Independence (1947), Post-Independence India, Foreign Policy & International Relations etc.
9 (RLIN) 17161
942 ## - ADDED ENTRY ELEMENTS (KOHA)
Source of classification or shelving scheme Dewey Decimal Classification
Koha item type Reference Book
Holdings
Withdrawn status Lost status Source of classification or shelving scheme Materials specified (bound volume or other part) Damaged status Not for loan Collection code Home library Current library Shelving location Date acquired Source of acquisition Cost, normal purchase price Inventory number Total Checkouts Full call number Barcode Date last seen Cost, replacement price Price effective from Koha item type Public note
    Dewey Decimal Classification Paper Back   Not For Loan Reference School of Business & General Section VIT-AP Reference 2026-01-12 The Hindu Group of Publications 499.00 9001173329   070.44 THG 025518 2026-02-19 499.00 2026-01-12 Reference Book GEN

Visitor Number: